[Fisher, M.: K-punk. Výběr z textů, Ostrava: Ostravská univerzita. 2022. 239 s. ISBN 978-80-7599-253-6.]

Recenzia na publikáciu autora Mark Fisher s názvom K-punk.

Enregistré dans:
Détails bibliographiques
Auteur principal: Profant, Tomáš Imrich, 1983-
Format: Chapitre de livre
Langue:slovaque
Sujets:
Tags: Ajouter un tag
Pas de tags, Soyez le premier à ajouter un tag!

MARC

LEADER 00000naa a2200000 4500
001 0307618
005 20250313091702.9
041 0 |a slo 
044 |a SK 
245 1 0 |a [Fisher, M.: K-punk. Výběr z textů, Ostrava: Ostravská univerzita. 2022. 239 s. ISBN 978-80-7599-253-6.]  |c Tomáš Imrich Profant 
520 |a Recenzia na publikáciu autora Mark Fisher s názvom K-punk. 
610 2 0 |a politika 
610 2 0 |a vedy spoločenské 
610 2 0 |a recenzie 
100 1 |a Profant, Tomáš Imrich, 1983-